| 000 | 00357nam a2200145Ia 4500 | ||
|---|---|---|---|
| 008 | 191201s2007 xx 000 0 und d | ||
| 082 |
_a658.150091 _bVAF |
||
| 100 | _aVAN HORNE, James C | ||
| 245 | 0 | _aFinancial Management and Policy | |
| 250 | _aIMP | ||
| 260 |
_aN.Delhi _bPearson Education _c2007 |
||
| 300 | _a940 | ||
| 650 | _aMBA | ||
| 942 |
_2ddc _cBK _01 |
||
| 999 |
_c5330 _d5330 |
||